Kežmarská hudobná jar

Podrobná bibliografia
Médium: Článok
Jazyk:slovenčina
PhysicalDescription:Fotogr.
Predmet:

MARC

LEADER 00000cab a2200000 ar4500
001 vtls009359828
003 SK-MaSNL
005 20260304013406.0
008 081111c2008 xo mr|p|||||||000 b|slo
038 |a PPPK 
040 |a PPPKCL  |b slo  |c PPPKCL  |e AACR2 
041 0 |a slo 
044 |a xo  |c SK 
080 |a 782/785.079  |2 2001 
245 0 0 |a Kežmarská hudobná jar  |c Mestské kultúrne stredisko 
300 |b Fotogr. 
611 2 7 |a Kežmarská hudobná jar  |n (32. :  |d 2007 :  |c Kežmarok, Slovensko)  |2 pppkcl  |9 1294334 
650 0 7 |a vážna hudba  |2 pppkcl  |9 3218 
650 0 7 |a hudobné festivaly  |2 pppkcl  |9 2958 
651 7 |a Kežmarok (Slovensko)  |2 pppkcl  |9 26808 
773 0 |t Kežmarok  |g Roč. XV, č. 8 (2007), s. 8 
852 |a PPPK  |b KIS3GCP 
999 |c 2575642  |d 2577572